000 00894nam a22002177a 4500
999 _c63313
_d63313
003 Ge_BSU
005 20250806123138.0
008 250806s1997 ge ||||| |||| 00| 0 geo d
041 _ageo
080 _a372.8:5 თ-17
100 _aთავდგირიძე, ლ.
_910726
245 _aეკოლოგიური აღზრდის საკითხები /
_cლ. თავდგირიძე; რედ. ჯ. ხოფერია.
264 _aბათუმი :
_b"აჭარა",
_c1997.
300 _a133 გვ. ;
_b20 სმ.
504 _aბიბლიოგრ. გვ. 131
653 _aაღზრდა
653 _aსწავლება
653 _aთავისუფალი დროის ორგანიზაცია
700 _aხოფერია, ჯ.
_eრედაქტორი
_918934
942 _2udc
_cᲬᲘᲒᲜᲘ